História das ideologias (Registo nº 199092)
[ vista simples ]
| 000 -Etiqueta do registo | |
|---|---|
| Valores | 00789nam 22002053 4500 |
| 100 ## - Dados gerais de processamento | |
| Dados gerais | 20251117d u||y0pory50 ba |
| 101 ## - Língua de publicação | |
| Língua | Português |
| 200 ## - Titulo e menção de responsabilidade | |
| Título próprio | História das ideologias |
| Informação de outro título | o capitalismo |
| Primeira menção de responsabilidade | Direcção de V.S. Pokrovski |
| 205 ## - Menção da edição | |
| Edição | 4ª |
| 210 ## - Publicação | |
| Local de publicação | Lisboa |
| Nome do editor | Editorial Estampa |
| Data de publicação | 1977 |
| 215 ## - Descrição física | |
| Paginação / Volumes | 193 p. |
| Outras indicações físicas | brochado |
| Dimensões | 18 cm |
| 327 ## - Nota de conteúdo | |
| Texto da nota | Vol. I - Do Esclavagismo ao Feudalismo ; 2ª ed.<br/>Vol. II - Decadência do Feudalismo e Revoluções Burguesas ; 3ª ed.<br/>Vol. III - O Capitalismo ; 3ª ed.<br/>Vol. IV - As Ideologias Contemporâneas ; 3ª ed. |
| 606 ## - Nome comum usado como assunto | |
| ID Autoridade | 1246 |
| Palavra de ordem | Política |
| 675 ## - CDU | |
| Notação | 32 |
| Edição | PT |
| Língua | por |
| 700 ## - Autor principal (pessoa individual) | |
| ID Autoridade | 15930 |
| Apelido | Pokrovski |
| Nome | V. S. |
| 801 ## - Fonte de origem | |
| País | PT |
| Agência | BMMN |
| Regras de catalogação | RPC |
| 830 ## - Notas gerais do catalogador | |
| Criado por | Fernando e Carlos Pinto |
| Indexado por | Fernando e Carlos Pinto |
| Data de modificação | 22-01-2026 |
| 990 ## - Elementos KOHA | |
| Tipo de documento | Livro |
| Situação do levantamento | Biblioteca de origem | Código de barras | Cota | Permissão de empréstimo | Tipo de documento | Forma de aquisição | Nota relativa ao exemplar |
|---|---|---|---|---|---|---|---|
| Biblioteca Municipal de Montemor-o-Novo | 27833 | 32 HIS|DEP | Livro | Compra | |||
| Escola Secundária de Montemor-o-Novo | 29203 | 321/POK/HIS | Livro | Compra | Vol. I | ||
| Escola Secundária de Montemor-o-Novo | 29204 | 321/POK/HIS | Livro | Compra | Vol. II | ||
| Escola Secundária de Montemor-o-Novo | 29205 | 321/POK/HIS | Livro | Compra | Vol. III | ||
| Escola Secundária de Montemor-o-Novo | 29206 | 321/POK/HIS | Livro | Compra | Vol. IV |